Alle Städte Bayerns auf einer Karte - Statistiken

Allgemein
  • Dieses Quiz wurde 55 mal gespielt
  • Das Durchschnittsergebnis liegt bei 102 aus 318
Antworten auf der Karte
Die Antworten werden auf der Karte rot bzw. grün angezeigt, abhängig davon wie oft sie richtig erraten wurden.
 
Antwortstatistiken
Landkreis Stadt Einw. % Korrekt
KREISFREI Nürnberg 529.508
98%
KREISFREI München 1.505.005
96%
KREISFREI Fürth 132.036
92%
Cham Furth im Wald 8.659
92%
KREISFREI Augsburg 301.105
90%
KREISFREI Bayreuth 72.940
90%
KREISFREI Ingolstadt 141.185
90%
KREISFREI Passau 53.039
90%
Regen Regen 11.018
90%
KREISFREI Regensburg 151.389
90%
KREISFREI Würzburg 133.258
90%
KREISFREI Aschaffenburg 73.091
88%
KREISFREI Bamberg 77.150
88%
KREISFREI Erlangen 115.928
88%
KREISFREI Hof (Saale) 46.778
88%
KREISFREI Schweinfurt 54.481
87%
KREISFREI Rosenheim 65.274
85%
KREISFREI Coburg 41.064
83%
Neu-Ulm Neu-Ulm 62.641
83%
Dachau Dachau 47.138
81%
Erding Erding 37.171
81%
Lindau Lindau (Bodensee) 25.845
81%
KREISFREI Ansbach 40.742
79%
Deggendorf Deggendorf 35.044
79%
KREISFREI Kempten (Allgäu) 67.645
79%
KREISFREI Landshut 71.863
79%
KREISFREI Straubing 49.002
79%
KREISFREI Amberg 42.553
77%
Cham Cham 17.433
77%
Eichstätt Eichstätt 13.891
77%
Freising Freising 48.928
77%
Kitzingen Kitzingen 22.936
77%
Kulmbach Kulmbach 26.625
77%
Bad Kissingen Bad Kissingen 23.223
75%
Forchheim Forchheim 33.017
75%
Fürstenfeldbruck Fürstenfeldbruck 37.420
75%
Roth Roth 25.458
75%
Landsberg am Lech Landsberg am Lech 29.257
73%
Neumarkt in der Oberpfalz Neumarkt in der Oberpfalz 41.103
73%
Mühldorf am Inn Neumarkt-St. Veit 6.334
73%
Starnberg Starnberg 24.471
73%
Bad Tölz-Wolfratshausen Bad Tölz 19.826
71%
Günzburg Günzburg 21.423
71%
Traunstein Traunstein 20.877
71%
Miesbach Miesbach 11.573
69%
Pfaffenhofen an der Ilm Pfaffenhofen an der Ilm 26.996
69%
Freyung-Grafenau Freyung 7.078
67%
Lichtenfels Lichtenfels 20.488
67%
KREISFREI Memmingen 44.192
67%
Neuburg-Schrobenhausen Neuburg an der Donau 30.135
67%
Neustadt an der Waldnaab Neustadt am Kulm 1.160
67%
Neustadt/Aisch-Bad Windsheim Neustadt an der Aisch 13.294
67%
Kelheim Neustadt an der Donau 14.778
67%
Neustadt an der Waldnaab Neustadt an der Waldnaab 6.057
67%
Coburg Neustadt bei Coburg 14.824
67%
Schwandorf Schwandorf 29.877
67%
Kelheim Kelheim 17.066
65%
Kronach Kronach 16.616
65%
Miltenberg Miltenberg 9.351
65%
Tirschenreuth Tirschenreuth 8.516
65%
Weilheim-Schongau Weilheim in Oberbayern 23.279
65%
Altötting Altötting 13.138
63%
Dillingen an der Donau Dillingen an der Donau 19.806
63%
Dingolfing-Landau Dingolfing 20.749
63%
Freyung-Grafenau Grafenau 8.203
63%
KREISFREI Kaufbeuren 46.193
63%
Amberg-Sulzbach Sulzbach-Rosenberg 19.379
63%
Ebersberg Ebersberg 12.408
62%
Aichach-Friedberg Friedberg 29.953
62%
Mühldorf am Inn Mühldorf am Inn 22.503
62%
KREISFREI Weiden in der Oberpfalz 42.444
62%
Weißenburg-Gunzenhausen Weißenburg in Bayern 18.345
62%
Wunsiedel im Fichtelgebirge Wunsiedel 8.970
62%
Ostallgäu Füssen 15.287
60%
Erlangen-Höchstadt Höchstadt an der Aisch 13.867
60%
Dillingen an der Donau Höchstädt an der Donau 6.902
60%
Straubing-Bogen Bogen 10.453
58%
Dingolfing-Landau Landau an der Isar 14.801
58%
Bad Tölz-Wolfratshausen Wolfratshausen 19.658
58%
Aichach-Friedberg Aichach 22.015
56%
Ansbach Rothenburg ob der Tauber 11.365
56%
Berchtesgadener Land Bad Reichenhall 18.288
54%
Weißenburg-Gunzenhausen Gunzenhausen 16.665
54%
Weilheim-Schongau Schongau 12.572
54%
Nürnberger Land Lauf an der Pegnitz 26.106
52%
Neuburg-Schrobenhausen Schrobenhausen 17.815
52%
KREISFREI Schwabach 40.835
52%
Donau-Ries Donauwörth 19.990
48%
Neu-Ulm Illertissen 18.433
46%
Neustadt/Aisch-Bad Windsheim Bad Windsheim 12.446
42%
Erlangen-Höchstadt Herzogenaurach 24.237
42%
Rosenheim Bad Aibling 18.497
40%
Ansbach Feuchtwangen 12.551
38%
München Garching bei München 17.656
38%
Donau-Ries Nördlingen 20.352
38%
Fürstenfeldbruck Olching 27.310
38%
Fürth Zirndorf 26.243
38%
Ansbach Dinkelsbühl 12.260
37%
Berchtesgadener Land Freilassing 17.619
37%
Altötting Neuötting 8.991
37%
Rottal-Inn Pfarrkirchen 12.764
37%
Oberallgäu Sonthofen 21.734
37%
Altötting Burghausen 19.558
35%
Fürstenfeldbruck Germering 40.916
35%
Main-Spessart Lohr am Main 14.996
35%
Wunsiedel im Fichtelgebirge Marktredwitz 17.121
35%
Traunstein Traunreut 20.379
35%
Aschaffenburg Alzenau 18.034
33%
Rottal-Inn Eggenfelden 14.271
33%
Haßberge Haßfurt 13.867
33%
Fürth Stein 14.866
33%
Bad Tölz-Wolfratshausen Geretsried 25.997
31%
Unterallgäu Mindelheim 15.531
31%
Deggendorf Plattling 13.160
31%
Wunsiedel im Fichtelgebirge Selb 14.743
31%
Miesbach Tegernsee 3.567
31%
Rosenheim Wasserburg am Inn 12.375
31%
Main-Spessart Karlstadt 14.739
29%
Bayreuth Pegnitz 13.665
29%
Regen Viechtach 8.361
29%
Regen Zwiesel 9.059
29%
Cham Bad Kötzting 7.494
27%
Rhön-Grabfeld Bad Neustadt an der Saale 15.434
27%
Ebersberg Grafing bei München 13.942
27%
Nürnberger Land Hersbruck 12.346
27%
Oberallgäu Immenstadt im Allgäu 14.391
27%
Augsburg Königsbrunn 27.879
27%
Ostallgäu Marktoberdorf 18.617
27%
Würzburg Ochsenfurt 11.219
27%
Neumarkt in der Oberpfalz Parsberg 7.818
27%
München Unterschleißheim 28.482
27%
Passau Vilshofen an der Donau 18.084
27%
Unterallgäu Bad Wörishofen 16.933
25%
Main-Spessart Gemünden am Main 10.098
25%
München Haar 22.878
25%
Main-Spessart Marktheidenfeld 11.402
25%
Freising Moosburg an der Isar 20.012
25%
Donau-Ries Oettingen in Bayern 5.196
25%
Cham Roding 13.157
25%
Rottal-Inn Simbach am Inn 10.261
25%
Mühldorf am Inn Waldkraiburg 25.737
25%
Augsburg Gersthofen 23.427
23%
Passau Hauzenberg 11.965
23%
Schwandorf Nabburg 6.276
23%
Hof Naila 7.482
23%
Landshut Rottenburg an der Laaber 8.486
23%
Neu-Ulm Senden 23.641
23%
Weißenburg-Gunzenhausen Treuchtlingen 13.159
23%
Bad Kissingen Bad Brückenau 6.470
21%
Lichtenfels Bad Staffelstein 10.821
21%
Eichstätt Beilngries 10.218
21%
Erding Dorfen 14.759
21%
Forchheim Ebermannstadt 6.688
21%
Haßberge Ebern 7.193
21%
Rosenheim Kolbermoor 19.094
21%
Kelheim Mainburg 15.271
21%
Hof Münchberg 9.969
21%
Augsburg Neusäß 22.904
21%
Regensburg Neutraubling 14.224
21%
Coburg Rödental 12.457
21%
Landshut Vilsbiburg 12.237
21%
Cham Waldmünchen 6.565
21%
Miltenberg Amorbach 3.907
19%
Neustadt an der Waldnaab Grafenwöhr 6.360
19%
Bad Kissingen Hammelburg 10.694
19%
Roth Hilpoltstein 13.654
19%
Günzburg Krumbach (Schwaben) 14.178
19%
Berchtesgadener Land Laufen 7.336
19%
Schwandorf Nittenau 9.145
19%
Deggendorf Osterhofen 12.280
19%
Passau Pocking 16.414
19%
Fürstenfeldbruck Puchheim 20.858
19%
Hof Rehau 9.045
19%
Traunstein Tittmoning 5.826
19%
Ansbach Wolframs-Eschenbach 3.282
19%
Nürnberger Land Altdorf bei Nürnberg 15.478
17%
Rhön-Grabfeld Bad Königshofen im Grabfeld 6.034
17%
Erlangen-Höchstadt Baiersdorf 7.890
17%
Ostallgäu Buchloe 13.815
17%
Schwandorf Burglengenfeld 14.569
17%
Ansbach Herrieden 8.295
17%
Lindau Lindenberg im Allgäu 11.587
17%
Fürth Oberasbach 17.647
17%
Weilheim-Schongau Penzberg 17.028
17%
Bayreuth Pottenstein 5.190
17%
Augsburg Schwabmünchen 15.277
17%
Traunstein Trostberg 11.337
17%
Freyung-Grafenau Waldkirchen 11.356
17%
Tirschenreuth Waldsassen 6.711
17%
Kelheim Abensberg 15.061
15%
Amberg-Sulzbach Auerbach in der Oberpfalz 8.846
15%
Neumarkt in der Oberpfalz Berching 9.008
15%
Augsburg Bobingen 17.905
15%
Günzburg Burgau 10.670
15%
Dillingen an der Donau Gundelfingen an der Donau 7.783
15%
Bamberg Hallstadt 8.781
15%
Hof Helmbrechts 8.125
15%
Fürth Langenzenn 10.438
15%
Rhön-Grabfeld Mellrichstadt 5.530
15%
Bad Kissingen Münnerstadt 7.577
15%
Miltenberg Obernburg am Main 8.575
15%
Schwandorf Oberviechtach 4.905
15%
Donau-Ries Rain 9.127
15%
Augsburg Stadtbergen 15.649
15%
Neustadt/Aisch-Bad Windsheim Uffenheim 6.431
15%
Amberg-Sulzbach Vilseck 6.382
15%
Kitzingen Volkach 8.512
15%
Neu-Ulm Weißenhorn 14.186
15%
Donau-Ries Wemding 5.757
15%
Bayreuth Bad Berneck am Fichtelgebirge 4.373
13%
Coburg Bad Rodach 6.179
13%
Schweinfurt Gerolzhofen 6.767
13%
Forchheim Gräfenberg 4.160
13%
Roth Greding 7.154
13%
Kronach Ludwigsstadt 3.068
13%
Tirschenreuth Mitterteich 6.604
13%
Cham Rötz 3.256
13%
Ansbach Schillingsfürst 2.770
13%
Neustadt an der Waldnaab Vohenstrauß 7.576
13%
Ansbach Wassertrüdingen 6.414
13%
Ansbach Windsbach 6.114
13%
Miltenberg Wörth am Main 4.769
13%
Regensburg Wörth an der Donau 5.196
13%
Würzburg Aub 1.370
12%
Bamberg Baunach 4.109
12%
Neumarkt in der Oberpfalz Freystadt 9.151
12%
Bayreuth Gefrees 4.240
12%
Donau-Ries Harburg (Schwaben) 5.598
12%
Ansbach Heilsbronn 9.692
12%
Regensburg Hemau 9.408
12%
Amberg-Sulzbach Hirschau 5.726
12%
Bayreuth Hollfeld 4.784
12%
Günzburg Ichenhausen 9.373
12%
Kitzingen Iphofen 4.768
12%
Tirschenreuth Kemnath 5.864
12%
Dillingen an der Donau Lauingen (Donau) 11.510
12%
Hof Lichtenberg 961
12%
Schwandorf Maxhütte-Haidhof 12.053
12%
Donau-Ries Monheim 5.450
12%
Hof Schwarzenbach am Wald 4.231
12%
Hof Schwarzenbach an der Saale 6.570
12%
Hof Selbitz 4.141
12%
Altötting Töging am Inn 9.496
12%
Pfaffenhofen an der Ilm Vohburg an der Donau 8.891
12%
Dillingen an der Donau Wertingen 9.486
12%
Neustadt an der Waldnaab Windischeschenbach 4.980
12%
Haßberge Zeil am Main 5.540
12%
Main-Spessart Arnstein 8.281
10%
Passau Bad Griesbach im Rottal 8.952
10%
Bayreuth Betzenstein 2.491
10%
Rhön-Grabfeld Bischofsheim an der Rhön 4.755
10%
Lichtenfels Burgkunstadt 6.463
10%
Bayreuth Creußen 4.914
10%
Kitzingen Dettelbach 6.866
10%
Neumarkt in der Oberpfalz Dietfurt an der Altmühl 6.405
10%
Miltenberg Klingenberg am Main 6.112
10%
Haßberge Königsberg in Bayern 3.543
10%
Günzburg Leipheim 7.434
10%
Kitzingen Marktbreit 3.793
10%
Schwandorf Neunburg vorm Wald 8.093
10%
Ansbach Ornbau 1.720
10%
Main-Spessart Rieneck 1.868
10%
Nürnberger Land Röthenbach an der Pegnitz 12.529
10%
Neustadt/Aisch-Bad Windsheim Scheinfeld 4.583
10%
Bamberg Scheßlitz 7.129
10%
Bamberg Schlüsselfeld 5.932
10%
Roth Spalt 5.196
10%
Nürnberger Land Velden 1.712
10%
Neu-Ulm Vöhringen 14.044
10%
Bayreuth Waischenfeld 2.989
10%
Roth Abenberg 5.547
8%
Tirschenreuth Bärnau 3.007
8%
Neustadt/Aisch-Bad Windsheim Burgbernheim 3.512
8%
Weißenburg-Gunzenhausen Ellingen 3.897
8%
Tirschenreuth Erbendorf 5.095
8%
Miltenberg Erlenbach am Main 9.717
8%
Neustadt an der Waldnaab Eschenbach in der Oberpfalz 4.308
8%
Rhön-Grabfeld Fladungen 2.092
8%
Straubing-Bogen Geiselhöring 6.964
8%
Pfaffenhofen an der Ilm Geisenfeld 11.563
8%
Bayreuth Goldkronach 3.451
8%
Haßberge Hofheim in Unterfranken 5.125
8%
Ansbach Leutershausen 5.570
8%
Kitzingen Mainbernheim 2.230
8%
Ansbach Merkendorf 3.099
8%
Rhön-Grabfeld Ostheim vor der Rhön 3.344
8%
Weißenburg-Gunzenhausen Pappenheim 3.942
8%
Kitzingen Prichsenstadt 3.032
8%
Kelheim Riedenburg 6.090
8%
Amberg-Sulzbach Schnaittenbach 4.304
8%
Coburg Seßlach 3.809
8%
Günzburg Thannhausen 6.406
8%
Lichtenfels Weismain 4.786
8%
Wunsiedel im Fichtelgebirge Arzberg 4.908
6%
Wunsiedel im Fichtelgebirge Bad Weißenstadt 2.880
6%
Haßberge Eltmann 5.311
6%
Roth Heideck 4.684
6%
Wunsiedel im Fichtelgebirge Kirchenlamitz 3.122
6%
Kulmbach Kupferberg 1.049
6%
Wunsiedel im Fichtelgebirge Marktleuthen 2.820
6%
Kitzingen Marktsteft 1.813
6%
Schwandorf Pfreimd 4.943
6%
Neustadt an der Waldnaab Pleystein 2.368
6%
Neustadt an der Waldnaab Pressath 4.217
6%
Würzburg Röttingen 1.681
6%
Hof Schauenstein 1.859
6%
Miltenberg Stadtprozelten 1.597
6%
Kulmbach Stadtsteinach 2.983
6%
Schwandorf Teublitz 8.060
6%
Kronach Teuschnitz 1.847
6%
Tirschenreuth Waldershof 4.315
6%
Kronach Wallenfels 2.432
6%
Würzburg Eibelstadt 3.091
4%
Wunsiedel im Fichtelgebirge Hohenberg an der Eger 1.384
4%
Main-Spessart Rothenfels 947
4%
Schwandorf Schönsee 2.269
4%
Wunsiedel im Fichtelgebirge Schönwald 3.076
4%
Neumarkt in der Oberpfalz Velburg 5.424
4%
Keine übereinstimmenden Quizze gefunden
Verteilung der Resultate
Anzahl Personen mit jedem Resultat
Perzentil nach korrekt beantworteten Fragen
Ihre Resultats-Entwicklung
Sie haben dieses Quiz noch nicht gespielt